Derecho de las obligaciones
Guardat en:
| Autors principals: | , |
|---|---|
| Format: | Llibre |
| Idioma: | espanyol |
| Publicat: |
Santiago
Legal Publishing
2013
|
| Edició: | 1a. ed |
| Col·lecció: | Colección Tratados y Manuales
|
| Matèries: | |
| Etiquetes: |
Afegir etiqueta
Sense etiquetes, Sigues el primer a etiquetar aquest registre!
|
MARC
| LEADER | 00000cam a2200000 a 4500 | ||
|---|---|---|---|
| 001 | UCE2967 | ||
| 003 | CL-VaPUC | ||
| 008 | 140807e20131200cl |||||||||||||||||spa|d | ||
| 020 | |a 9789563464351 | ||
| 082 | 0 | 4 | |a 346.8302 |b COU |2 21 |
| 100 | 0 | |a Court Murasso, Eduardo |e author |9 575502 | |
| 700 | 0 | |a Wegner Astudillo, Veronika |e author |9 575503 | |
| 245 | 1 | 0 | |a Derecho de las obligaciones |
| 250 | |a 1a. ed | ||
| 300 | |a 272 p | ||
| 942 | |c BK | ||
| 945 | |d 20140807 14:45:00 |a dcastane | ||
| 260 | |a Santiago |b Legal Publishing |c 2013 | ||
| 650 | 0 | |a Derecho de las obligaciones |9 328248 | |
| 650 | 0 | |a Derecho civil |9 255013 | |
| 650 | 0 | |a Obligaciones |9 255578 | |
| 583 | |a last modification |c 20140807 14:45:00 |k Rodrigo Vera | ||
| 490 | 0 | |a Colección Tratados y Manuales | |
| 999 | |c 356481 |d 356479 | ||
| 952 | |0 0 |1 0 |3 erb |4 0 |6 346_830200000000000_COU_2013 |7 0 |8 A |9 463843 |a BIBDER |b BIBDER |i 5093600 |l 2 |m 4 |o 346.8302 COU 2013 |p 5093600 |q 2025-07-31 |r 2020-03-04 |s 2020-03-04 |w 2019-11-23 |y BK |z Catalogado en:20140807 |k DER | ||